000 00312 a2200145 4500
001 57867
020 _a
040 _cAnchieta - Pituba
100 _aChase, James Hadley
240 1 0 _aOs mortos não falam
_lpor
245 1 0 _aOs mortos não falam
300 _a224
650 4 _aFicção inglesa
942 _cBK
999 _c57867
_d57867